| 000 | 00917nam a2200265 a 4500 | ||
|---|---|---|---|
| 001 | 000014851 | ||
| 005 | 20250218125615.0 | ||
| 008 | 100123s1998 mx 000 f spa d | ||
| 020 | _a9681904540 | ||
| 040 |
_aDO-SdBNP _bspa _cBNPHU |
||
| 041 | 1 | 7 |
_aspa _hpor _2Código de idioma MARC |
| 082 |
_aB869.34 _bS243ens, 1998 |
||
| 100 | 1 |
_aSaramago, José, _d1922-2010 _912950 |
|
| 240 | 1 | 0 |
_aEnsaio sobre a cegueira. _lEspañol |
| 245 | 1 | 0 |
_aEnsayo sobre la ceguera / _cJosé Saramago ; traducción de Basilio Losada. |
| 260 |
_aMéxico : _bAguilar ; _bAlfaguara, _c1998. |
||
| 300 |
_a373 p. ; _c22 cm. |
||
| 500 | _aLa biblioteca posee la 8a reimpresión, marzo de 2000 | ||
| 534 |
_pTítulo original en portugués: _tEnsaio sobre a cegueira |
||
| 650 | 4 |
_aNovela portuguesa _912951 |
|
| 650 | 4 |
_aLiteratura portuguesa _ySIGLO XX _913685 |
|
| 700 | 1 |
_aLosada, Basilio, _etr. _912953 |
|
| 910 | 0 | _aWM | |
| 049 | _aBNGR | ||
| 999 |
_c14431 _d14431 |
||